000 01409cam a2200325 a 4500
001 4240
003 FISKH
005 20240708085211.0
008 091019s2010 nyua j b 001 0beng
010 _a 2009044186
020 _a9780448454061 (pbk.)
040 _aDLC
_cDLC
_dDLC
050 _aPN1982.H46
082 _a791.5
100 1 _aHolub, Joan.
245 1 0 _aWho was Jim Henson? /
_cby Joan Holub ; Illustrated by Nancy Harrison.
260 _aNew York :
_bGrosset & Dunlap,
_c2010.
300 _a106 pages :
_billustrations ;
_c21 cm.
504 _aIncludes bibliographical references (p.104-105) .
505 0 _aWho was Jim Henson? -- Growing up -- The first muppets -- More muppeteers -- The big time -- Sesame Street -- The Muppet Show -- Muppets in the movies -- A different kind of movie -- Always something new -- Good-bye too soon.
520 _aHighlights the life and accomplishments of the famous puppeteer and creator of the Muppets.
600 1 0 _aHenson, Jim
_vJuvenile literature.
630 0 0 _aMuppet show (Television program)
_vJuvenile literature.
650 0 _aPuppeteers
_zUnited States
_vBiography
_vJuvenile literature.
650 0 _aTelevision producers and directors
_zUnited States
_vBiography
_vJuvenile literature.
700 1 _aHarrison, Nancy,
_d1963-
_eillustrator
906 _a7
_bcbc
_corignew
_d1
_eecip
_f20
_gy-gencatlg
942 _2ddc
_cBK
_n0
999 _c4240
_d4240